000 00372pab a2200157 454500
008 180718b1989 xxu||||| |||| 00| 0 eng d
100 _aKhanna, S.S.
245 _aFertiliser strategy for raising agricultural production
260 _c1989
300 _a10-15
362 _a16 Mar.
650 _aFertilisers
700 _aM.P. Gupta
773 _aYojana
909 _a8445
999 _c8445
_d8445